[Event "Yingmei Cup CHN-chT 2017"]
[Site "?"]
[Date "2017.08.21"]
[Round "15"]
[White "Tan, Zhongyi"]
[Black "Ning, Kaiyu"]
[Result "1-0"]
[WhiteElo "2508"]
[BlackElo "2131"]
[Annotator "TA"]
[PlyCount "101"]
[EventDate "2017.??.??"]
[SourceTitle "Wuxi"]

1. c4 e6 2. Nc3 d5 3. d4 Nf6 4. Bg5 c6 5. e3 Be7 6. Nf3 Nbd7 7. Qc2 O-O 8. h3 {
LiveBook: 9 Games} b6 {[%emt 0:00:07] D61: Queen's Gambit Declined: Classical:
Qc2} (8... Ne4 9. Bf4 Ndf6 10. Bd3 Nxc3 11. bxc3 dxc4 12. Bxc4 c5 13. O-O b6
14. Rfd1 Bb7 15. Ne5 Qc8 16. Qb3 {1-0 (50) Tan,Z (2517)-Foisor,S (2331)
Khanty-Mansiysk 2017}) 9. Bd3 Bb7 10. O-O $146 ({Predecessor:} 10. O-O-O Rc8
11. Kb1 Qc7 12. cxd5 cxd5 13. Bxh7+ Kh8 14. Bd3 Kg8 15. Bf4 Qd8 16. Rc1 {
1-0 (26) Rusev,R (2145)-Ilchev,D (2028) Pamporovo 2001}) 10... dxc4 {The
position is equal.} 11. Bxc4 c5 12. dxc5 Nxc5 ({Black should try} 12... Rc8)
13. Rfd1 $11 Qc8 14. Nd4 Nce4 15. Nxe4 Bxe4 16. Qe2 e5 (16... a6 $14) 17. Nb5
Qf5 18. Bh4 (18. Bxf6 $5 Qxf6 19. Bd5 Bxd5 20. Rxd5 $14) 18... Bc6 {With the
idea ...Qe4.} 19. Nc3 (19. Bd3 $5 e4 20. Bc4 Bxb5 21. Bxb5 $14) 19... Bb4 20.
Bxf6 (20. Bd3 {feels hotter.} Qe6 21. Rac1 a5 22. Nb5 Rfc8 23. a3) 20... Qxf6
21. Nd5 Bxd5 22. Rxd5 Rfd8 23. Rad1 $36 {White is more active.} Be7 24. Bb3
Rxd5 25. Rxd5 Rd8 {[#]} (25... Bd6 $11) 26. Qa6 $1 $16 Rxd5 27. Bxd5 Qd6 28.
Qxa7 g6 29. Qb7 Kg7 30. a3 Qf6 31. b4 h5 32. Qc6 Qxc6 33. Bxc6 {Endgame KB-KB}
f5 34. Kf1 e4 35. Ke2 Bf6 36. Kd2 Bh4 37. g3 Bf6 38. a4 Bd8 39. Kc3 h4 40. g4
Kf6 41. gxf5 gxf5 42. Kd4 Bc7 43. Bd7 ({White should play} 43. Kc4 $14) 43...
Bg3 $2 {[#]} (43... Be5+ $11 44. Kc4 Bg3) 44. a5 $18 {White is clearly winning.
} bxa5 45. bxa5 f4 (45... Bb8 $142 46. Kd5 f4 47. exf4 Bxf4 48. Kxe4 Bc7) 46.
exf4 Bxf2+ 47. Kxe4 Ba7 48. a6 Ke7 49. Bb5 Kf6 50. Bd3 Ke6 51. f5+ {Precision:
White = 61%, Black = 41%.} 1-0

[Event "Yingmei Cup CHN-chT 2017"]
[Site "?"]
[Date "2017.08.21"]
[Round "15"]
[White "Xu, Jun"]
[Black "Zhou, Jianchao"]
[Result "1/2-1/2"]
[WhiteElo "2504"]
[BlackElo "2613"]
[Annotator "TA"]
[PlyCount "89"]
[EventDate "2017.??.??"]
[SourceTitle "Wuxi"]

1. d4 d5 2. Nf3 Nf6 3. c4 e6 4. Nc3 Nbd7 5. cxd5 exd5 6. Bf4 c6 7. e3 Nb6 {
D35: Queen's Gambit Declined: Exchange Variation} (7... Nh5 8. Bg5 Be7 9. Bxe7
Qxe7 10. Qc2 Nb6 11. O-O-O Nf6 12. Bd3 Be6 13. h3 O-O-O 14. Kb1 Kb8 15. Nd2 Rc8
16. Nb3 Nfd7 17. Ne2 c5 18. dxc5 Nxc5 19. Nxc5 Rxc5 {1-0 (61) Nakamura,H (2787)
-Aronian,L (2792) Paris 2016}) 8. Qc2 Bg4 9. Ne5 Bh5 10. Bd3 Bg6 {LiveBook: 6
Games} 11. Nxg6 hxg6 12. O-O-O Bd6 13. Bg5 $146 ({Predecessor:} 13. Ne2 Bxf4
14. Nxf4 g5 15. Nh3 {1/2-1/2 (38) Savon, V (2435)-Smagin,S (2545) St
Petersburg 1994}) 13... Qc7 14. Kb1 Nh7 15. Bh4 Nf8 16. Bg3 Ne6 17. Rc1 Bxg3
18. hxg3 Rxh1 19. Rxh1 O-O-O 20. Qb3 Kb8 21. Qb4 Nc8 22. Na4 Nb6 23. Nc3 Nc8
24. Na4 Qd6 25. Qxd6+ (25. Nc5 {is interesting.} b6 26. Na6+ Kb7 27. Qa4 Nc7
28. Nxc7 Qxc7 29. Ba6+) 25... Nxd6 26. Nc3 Kc7 27. Kc2 Kd7 28. b4 a6 29. a4 Ke7
30. a5 Ng5 31. g4 Ne6 32. Na4 f5 33. gxf5 gxf5 34. Nc5 Kf6 35. f4 Nxc5 36. bxc5
$14 {Endgame KRB-KRN} Nf7 37. Be2 Re8 38. Kd3 Rh8 39. Rb1 Nd8 40. g4 g6 41. g5+
Ke7 42. Bf3 Ke6 43. Rh1 {White is slightly better.} Rxh1 44. Bxh1 Ke7 45. Bf3 {
Precision: White = 54%, Black = 64%.} 1/2-1/2

[Event "Yingmei Cup CHN-chT 2017"]
[Site "?"]
[Date "2017.08.21"]
[Round "15"]
[White "Xu, Xiangyu"]
[Black "Andriasian, Zaven"]
[Result "1/2-1/2"]
[WhiteElo "2503"]
[BlackElo "2599"]
[Annotator "TA"]
[PlyCount "60"]
[EventDate "2017.??.??"]
[SourceTitle "Wuxi"]

1. d4 d5 2. Nf3 Nf6 3. c4 c6 4. Nc3 dxc4 5. a4 Bf5 6. Ne5 Nbd7 7. Nxc4 Qc7 8.
g3 e5 9. dxe5 Nxe5 10. Bf4 Nfd7 11. Bg2 g5 {[%emt 0:00:06] D17: Slav Defence:
5 a4 Bf5: Lines with Nh4 and 6 Ne5} (11... f6 12. O-O g5 13. Nxe5 gxf4 14. Nxd7
Qxd7 15. a5 fxg3 16. hxg3 Qxd1 17. Rfxd1 a6 18. Rd4 Rd8 19. Rad1 Rxd4 20. Rxd4
{1-0 (48) So,W (2775)-Akopian,V (2648) Doha 2015}) 12. Nxe5 gxf4 13. Nxd7 O-O-O
14. Qd4 Qxd7 15. Qxh8 Qd2+ 16. Kf1 {LiveBook: 4 Games} Qxb2 17. Re1 {[#] Black
must now prevent Qf6.} Bb4 18. Qf6 $1 Qc2 19. Ne4 Bxe4 $146 ({Predecessor:} 
19... Be6 20. f3 Bxe1 21. Kxe1 Qc1+ 22. Kf2 Qe3+ 23. Ke1 Qc1+ 24. Kf2 Qe3+ 25.
Ke1 Qc1+ 26. Kf2 {1/2-1/2 (26) Andersen,M (2466) -Svane,R (2493) Vaxjo 2014})
20. Bh3+ Kc7 $132 {aiming for ...Rd1. Black is not keeping still} 21. Qxf4+ Kb6
{[#]} 22. Bf5 $1 Rd1 (22... Bxe1 $11 23. Bxe4 Qxa4) (22... Bxf5 23. Qxb4+) 23.
Bxe4 $16 Rxe1+ 24. Kg2 Qxe2 25. Rxe1 Qxe1 26. Bxh7 Qe7 27. h4 Bd6 28. Qd2 Bb4
29. Qf4 Bd6 $1 30. Qd2 Bb4 $1 1/2-1/2

[Event "Yingmei Cup CHN-chT 2017"]
[Site "?"]
[Date "2017.08.21"]
[Round "15"]
[White "Girya, Olga"]
[Black "Yang, Yijing"]
[Result "1-0"]
[WhiteElo "2502"]
[BlackElo "1910"]
[Annotator "TA"]
[PlyCount "65"]
[EventDate "2017.??.??"]
[SourceTitle "Wuxi"]

1. c4 Nf6 2. Nf3 g6 3. Nc3 d5 4. cxd5 Nxd5 5. Qb3 Nb6 6. d4 Bg7 7. Bf4 c6 8. e4
O-O 9. Rd1 Be6 {D90: Grünfeld: 4 Nf3 Bg7 sidelines} 10. Qc2 Bg4 11. Be2 {
LiveBook: 3 Games} N8d7 {White has an edge.} 12. O-O Bxf3 13. Bxf3 e5 14. dxe5
Qe7 $146 15. Be2 Nxe5 16. Qb3 $36 {White has good play.} Rfe8 17. Be3 Ned7 18.
f3 Nc5 19. Qc2 Ne6 20. f4 Rad8 21. e5 Nc7 22. Bf3 Kh8 (22... Ne6 $14) 23. Ne4
$16 Rxd1 24. Rxd1 Ncd5 25. Bc5 Qc7 26. Nd6 Re7 27. g3 f6 28. exf6 Nxf6 29. Nc4
Rd7 {[#]} (29... Re8 $16 {is a better defense.} 30. Ne5 Nbd5) 30. Bd6 $1 $18
Qd8 {White must now prevent ...Nxc4.} 31. Ne5 Nfd5 {intending ...Ne3.} 32. Nxd7
Ne3 $2 (32... Qxd7 33. Bc5 Qc8) 33. Ne5 {Precision: White = 76%, Black = 48%.}
1-0

[Event "Yingmei Cup CHN-chT 2017"]
[Site "?"]
[Date "2017.08.21"]
[Round "15"]
[White "Wan, Yunguo"]
[Black "Ma, Qun"]
[Result "1/2-1/2"]
[WhiteElo "2492"]
[BlackElo "2637"]
[Annotator "TA"]
[PlyCount "86"]
[EventDate "2017.??.??"]
[SourceTitle "Wuxi"]

1. e4 e5 2. Nf3 Nc6 3. Bb5 Nf6 4. O-O Nxe4 5. Re1 Nd6 6. Nxe5 Be7 7. Bf1 Nxe5
8. Rxe5 O-O 9. Nc3 {C67: Ruy Lopez: Berlin Defence: 4 0-0 Nxe4} (9. d4 Bf6 10.
Re1 Nf5 11. d5 d6 12. Nd2 Re8 13. Ne4 Bd7 14. c3 h6 15. Bd3 Nh4 16. g3 Ng6 17.
f4 c6 18. Be3 {1/2-1/2 (70) Anand,V (2786)-Kramnik,V (2808) Leuven 2017}) 9...
Ne8 10. Nd5 Bd6 11. Re1 c6 12. Ne3 Bc7 13. Nf5 d5 {LiveBook: 78 Games} 14. Ne7+
Kh8 {[#] Hoping for ...Be6.} 15. Nxc8 Rxc8 16. d4 Nf6 {[#]} 17. Bd3 $146 Qd6
18. g3 Rce8 19. Rxe8 Rxe8 20. c3 Qe6 21. Kg2 g6 22. Qf3 Kg7 {The position is
equal.} 23. Bd2 Ne4 24. Re1 f5 25. Bf4 (25. Qe2 $5 Qd7 26. f3 $14) 25... Qd7
26. Re2 Bxf4 27. Qxf4 Re7 28. h4 Qc7 (28... Nd6 {seems wilder.} 29. Rxe7+ Qxe7
30. Qe5+ Qf6 31. Kf3 a5) 29. Qxc7 Rxc7 30. g4 fxg4 31. Bxe4 dxe4 32. Rxe4 $11 {
Endgame KR-KR} h5 $1 33. Re6 Rf7 34. a4 a6 35. Rd6 Re7 36. a5 Re2 37. Rd7+ Kf6
38. Rxb7 {[#] And now Rb6 would win.} g5 $1 39. hxg5+ Kxg5 40. Rg7+ Kf4 41.
Rf7+ Kg5 42. Rg7+ Kf4 43. Rf7+ Kg5 {Precision: White = 68%, Black = 75%.}
1/2-1/2

[Event "Yingmei Cup CHN-chT 2017"]
[Site "?"]
[Date "2017.08.21"]
[Round "15"]
[White "Li, Di"]
[Black "Wang, Hao"]
[Result "0-1"]
[WhiteElo "2485"]
[BlackElo "2690"]
[Annotator "TA"]
[PlyCount "124"]
[EventDate "2017.??.??"]
[SourceTitle "Wuxi"]

1. Nf3 Nf6 2. c4 e6 3. Nc3 d5 4. d4 c6 5. Bg5 Nbd7 6. cxd5 exd5 7. e3 Be7 8.
Bd3 Ne4 9. Bf4 Ndf6 {D35: Queen's Gambit Declined: Exchange Variation} 10. Qc2
O-O 11. O-O Bf5 12. Ne5 g6 {LiveBook: 10 Games} 13. Rfe1 $146 ({Find the
theoretical novelty and annotate with similar games:} 13. f3 Nd6 14. Rad1 Bxd3
15. Rxd3 Nh5 16. Bh6 Re8 17. e4 {1-0 (59) Navara,D (2742)-Hammer,J (2651) Novy
Bor 2016}) 13... Nd6 14. h3 Re8 15. Bh2 Bf8 16. Rad1 Rc8 17. Qa4 Be6 18. Ne2 ({
Wrong is} 18. Qxa7 $2 Ra8 $19) 18... Qb6 19. Nf4 Bf5 20. Bxf5 Nxf5 21. Nfd3 a5
22. Rc1 Nd6 23. Qd1 Ra8 24. Qf3 Qd8 25. Nc5 Qe7 26. Ng4 Nxg4 27. Bxd6 Qxd6 28.
Qxg4 Qc7 29. Rc2 Re7 30. Nd3 Rae8 31. Qf3 Qb6 32. Rec1 Qb5 33. Rc3 a4 34. R1c2
Kg7 35. Qd1 Ra8 36. Nc5 Rc7 37. Nd3 Bd6 38. Qf1 Re7 39. Qd1 Rae8 40. Rc1 (40.
b4 $5) 40... h6 41. Rb1 Ra8 42. Qc2 Qa5 43. Rc1 g5 44. Nc5 Qb5 (44... Bxc5 $5
45. Rxc5 Qd8 $11) 45. Rb1 (45. b4 $5) 45... Qa5 46. Rc1 Qb5 47. Rb1 (47. b4 $5)
47... Qb4 48. Rc1 (48. a3 $5 Qa5 49. b4 axb3 50. Rcxb3 $11) 48... Ra5 (48...
Qb5 $11 {keeps the balance.}) 49. Nd3 (49. a3 $16 Qb5 50. b4) 49... Qb6 $11 50.
Rb1 Qa7 51. Rc1 Rc7 52. Qe2 Qa8 53. Qc2 Re7 54. Nc5 b6 55. Nd3 c5 $1 56. dxc5
bxc5 57. Nxc5 {And now Nd3 would win.} (57. b4 $5 axb3 58. axb3 $11) 57... Be5
$1 58. b4 (58. h4 $5 Bxc3 59. Qxc3+ f6 60. h5 $11) 58... axb3 $1 59. Rxb3 d4 (
59... Rxa2 $11 60. Qd1 d4) 60. Qf5 $2 {[#]} (60. a4 $14 {keeps the upper hand.}
) 60... Qd5 $1 $19 61. Qc2 $2 {[#]} (61. Qc8 {is a better defense.}) 61... Rc7
$1 62. exd4 Qxd4 {Precision: White = 31%, Black = 46%.} 0-1

[Event "Yingmei Cup CHN-chT 2017"]
[Site "?"]
[Date "2017.08.21"]
[Round "15"]
[White "Lin, Chen"]
[Black "Ni, Hua"]
[Result "1/2-1/2"]
[WhiteElo "2475"]
[BlackElo "2674"]
[Annotator "TA"]
[PlyCount "86"]
[EventDate "2017.??.??"]
[SourceTitle "Wuxi"]

1. e4 c6 2. d4 d5 3. exd5 cxd5 4. Bd3 Nc6 5. c3 Qc7 6. h3 e6 {B13: Caro-Kann:
Exchange Variation and Panov-Botvinnik Attack} (6... Nf6 7. Nf3 g6 8. O-O Bg7
9. Re1 O-O 10. Na3 Bf5 11. Bf1 a6 12. Nc2 Bxc2 13. Qxc2 b5 14. a4 Qb7 15. Qb3
Na5 16. Qb4 Nc6 17. Qc5 bxa4 {1-0 (42) Artemiev,V (2682)-Rozum,I (2606) Sochi
2017}) 7. Nf3 Bd6 8. O-O Nge7 9. Re1 Bd7 10. Nbd2 {LiveBook: 4 Games} Ng6 11.
Nf1 Nf4 12. Ne5 $146 (12. Bxf4 $5 Bxf4 13. Qc2 $11) ({Predecessor:} 12. Bxf4
Bxf4 13. Qe2 O-O 14. Ne5 {1-0 (45) Korchagina,V (2030)-Belenkaya,D (2181) St
Petersburg 2013}) 12... Nxd3 13. Nxd3 O-O-O 14. Qf3 f6 15. b4 Rhe8 16. Ne3 Ne7
17. Nc5 (17. Bd2 {feels hotter.} Kb8 18. Nc5 Bc8 19. a4 e5 20. a5) 17... e5 18.
dxe5 ({Much worse is} 18. Nxd5 Nxd5 19. Qxd5 Bc6 $17) 18... fxe5 19. Nxd5 Nxd5
20. Qxd5 {Threatens to win with Bg5.} Bxc5 $1 21. Qxc5 Qxc5 22. bxc5 {[#]
Hoping for Bg5.} Bc6 23. c4 g6 24. Bb2 (24. Bg5 $5 Rd3 25. Rac1 $14) 24... e4
25. Rad1 Rd3 26. Rxd3 exd3 27. Rxe8+ Bxe8 $11 {Endgame KB-KB} 28. Kf1 Bf7 (
28... d2 $5 29. Ke2 $8 Bf7 $11) 29. Ke1 Bxc4 30. Kd2 Kd7 31. a3 Kc6 32. Bd4 a5
33. Bc3 Kb5 34. Kc1 Bd5 35. g3 a4 36. Kb2 Kxc5 37. h4 Kc4 38. Bb4 Kd4 39. Kc1
b6 40. Kd2 Ke4 41. Ke1 Kf3 42. Bc3 Ke4 (42... b5 $15) 43. Kd2 (43. Bb4 $1 $11)
43... Bc4 {Precision: White = 52%, Black = 50%.} 1/2-1/2

[Event "Yingmei Cup CHN-chT 2017"]
[Site "?"]
[Date "2017.08.21"]
[Round "15"]
[White "Lei, Tingjie"]
[Black "Zhang, Xiaowen"]
[Result "1-0"]
[WhiteElo "2471"]
[BlackElo "2345"]
[Annotator "TA"]
[PlyCount "53"]
[EventDate "2017.??.??"]
[SourceTitle "Wuxi"]

1. e4 e5 2. Nf3 Nc6 3. Bb5 a6 4. Ba4 d6 5. c3 Bd7 6. O-O g6 7. d4 Bg7 8. Be3
Nf6 9. d5 {C76: Ruy Lopez: Deferred Steinitz: 5 c3 Bd7 6 d4 g6} (9. Nbd2 Ng4
10. Bg5 f6 11. Bh4 Qe7 12. Re1 h5 13. h3 Nh6 14. Bg3 g5 15. Nf1 O-O-O 16. Ne3
Qf7 {0-1 (37) Kasimdzhanov,R (2703) -Mamedyarov,S (2746) Almaty 2016}) 9... Ne7
10. Bxd7+ Qxd7 {LiveBook: 3 Games} 11. Qc2 {The position is equal.} h6 12. c4
Ng4 13. Bd2 f5 14. Nc3 {[#]} Nf6 $146 ({Predecessor:} 14... O-O 15. Ne1 Rf7 16.
Nd3 fxe4 17. Nxe4 Nf5 18. Rae1 Raf8 19. f3 Nf6 20. Bc3 Nxe4 21. Rxe4 g5 22. Qc1
{1/2-1/2 (22) Videki,S (2445) -Zsinka,L (2588) Hungary 2000}) 15. Rfe1 O-O 16.
exf5 gxf5 17. Rad1 Ng6 18. Bc1 Nh5 19. Ne2 c5 20. dxc6 Qxc6 21. b3 b5 22. Nc3
bxc4 23. Nd5 $1 {Threatens to win with Nh4!} e4 $2 {[#]} (23... Rae8 $14) 24.
Nh4 $1 $18 {White is clearly winning.} Nf6 (24... Nxh4 25. Ne7+) 25. Nxg6 Nxd5
26. Rxd5 {And now Ne7+ would win.} Kf7 27. Qd1 {Precision: White = 52%, Black
= 43%.} 1-0

[Event "Yingmei Cup CHN-chT 2017"]
[Site "?"]
[Date "2017.08.21"]
[Round "15"]
[White "Huang, Qian"]
[Black "Nie, Xin"]
[Result "1/2-1/2"]
[WhiteElo "2450"]
[BlackElo "2084"]
[Annotator "TA"]
[PlyCount "137"]
[EventDate "2017.??.??"]
[SourceTitle "Wuxi"]

1. c4 e6 2. g3 Nf6 3. Bg2 d5 4. Nf3 d4 5. b4 Bxb4 6. Qa4+ {A13: English
Opening: 1...e6} Nc6 7. Ne5 Rb8 8. Nxc6 bxc6 9. Qxa7 Rb6 10. Qa4 {LiveBook: 5
Games} Bd7 $146 (10... d3 $5 11. e3 O-O $15) ({Predecessor:} 10... O-O 11. O-O
e5 12. d3 Bg4 13. Qc2 {0-1 (33) Bu,X (2710)-Tan,Z (2506) Huocheng County 2017})
11. a3 Bd6 12. Qc2 {[#] aiming for c5.} c5 13. d3 O-O 14. Nd2 Qe8 15. a4 Bc6
16. O-O Bxg2 17. Kxg2 Qa8+ 18. Kg1 Ra6 19. Nf3 e5 20. Nh4 Qc8 21. e4 Qh3 22. f3
Rfa8 23. Bd2 Nh5 24. Ng2 {[#]} (24. Nf5 $11) 24... Be7 (24... f5 $1 $17) 25. a5
$11 g5 26. Qc1 $1 Rg6 {Threatens to win with ...Nf4!} 27. Rf2 Kh8 (27... Nxg3
$5 28. hxg3 Qxg3 $14) 28. Ra2 Nf4 $2 (28... Nxg3 $11 29. hxg3 Qxg3) 29. Qf1 $2
({And not} 29. Nxf4 gxf4 30. Qf1 Qh4 $11) (29. gxf4 $18 gxf4 30. Kh1) 29... Nh5
30. Qc1 ({Better is} 30. g4 $14 Nf4 31. Nxf4 Qxf1+ 32. Kxf1 gxf4 33. Be1) 30...
Nf4 $2 (30... Nxg3 $15 {stays ahead.} 31. hxg3 Qxg3) 31. Qf1 ({Reject} 31. Nxf4
$6 gxf4 32. Qf1 Qh4 $11) (31. gxf4 $18 gxf4 32. Kh1) 31... Nh5 32. Ne1 Qc8 33.
Qe2 Nf6 34. Qd1 Nd7 35. Ng2 Nb8 36. f4 gxf4 37. gxf4 Bh4 (37... Qh3 $11 38. Qf1
Nc6) 38. Re2 $2 (38. Rf1 $16 {stays on course.}) 38... Qh3 $19 39. f5 $2 (39.
fxe5 $17 Qxd3 40. Ra1) 39... Rg4 40. Ra3 $2 (40. a6 Qxd3 41. a7) 40... Na6 41.
Qf1 Nb4 42. f6 $2 (42. a6 Nc2 43. Ra2 Qxd3 44. a7) 42... Rg6 $2 (42... Ra6 $19
43. Rf2 Bxf2+ 44. Qxf2 Ra8) 43. Qf5 $11 Qg4 ({Don't take} 43... Rg4 44. Bh6 $17
) 44. Qxg4 Rxg4 45. Kf1 $1 $132 {Black must now prevent h3. White is fighting
back} Bxf6 46. Rf2 $1 Kg7 47. Ne1 (47. Rf5 $11 {keeps the balance.}) 47... Be7
(47... Bh4 $17 48. Rg2 Rxg2 49. Nxg2 Bd8) 48. Nf3 Bd6 (48... Nc6 {with more
complications.} 49. Rb3 Ra7 50. Be1 Kf8 51. Rfb2 Ra8) 49. Rg2 Rxg2 50. Kxg2 c6
51. Kf2 f6 52. Ke2 Bc7 53. Nh4 ({White should try} 53. a6) 53... Rxa5 $17 54.
Rxa5 Bxa5 {Endgame KBN-KBN} 55. Nf5+ Kf7 56. h3 Bc7 57. Be1 Na6 58. Kf3 h5 59.
Ng3 Kg6 60. Nf5 Nb8 61. Bd2 Bd8 62. Bc1 Nd7 63. Ba3 Nf8 64. Bc1 Ne6 65. Bd2 Ng7
66. Nh4+ Kf7 67. Nf5 Kg6 68. Nh4+ $1 Kf7 69. Nf5 {Precision: White = 45%,
Black = 38%.} 1/2-1/2

[Event "Yingmei Cup CHN-chT 2017"]
[Site "?"]
[Date "2017.08.21"]
[Round "15"]
[White "Ni, Shiqun"]
[Black "Shen, Yang"]
[Result "0-1"]
[WhiteElo "2450"]
[BlackElo "2473"]
[Annotator "TA"]
[PlyCount "158"]
[EventDate "2017.??.??"]
[SourceTitle "Wuxi"]

1. e4 e5 2. Nf3 Nc6 3. Bb5 a6 4. Ba4 Nf6 5. O-O Be7 6. d3 b5 7. Bb3 d6 8. a3
O-O 9. Nc3 Na5 {C77: Ruy Lopez: 3...a6 4 Ba4 Nf6, unusual lines} 10. Ba2 Be6
11. b4 Bxa2 12. Rxa2 Nc6 13. Bg5 Nd7 14. Be3 {[#] LiveBook: 3 Games} f5 $146 ({
Find the theoretical novelty and annotate with similar games:} 14... Nf6 15.
Qb1 {1/2-1/2 (51) Vachier Lagrave,M (2796)-Mamedyarov,S (2766) Sharjah 2017})
15. exf5 Rxf5 (15... Qe8 $14) 16. Nd5 $16 Kh8 17. c4 Nf6 (17... Rc8 $16) 18.
Qc2 (18. Nh4 $18 {is more deadly.} Rh5 19. Nxf6 Rxh4 20. g3) 18... Nb8 ({
Better is} 18... Qd7) 19. d4 Rh5 (19... Rxf3 $16 20. gxf3 Nxd5) 20. Nxf6 $18
gxf6 21. Rc1 c6 22. dxe5 fxe5 23. a4 bxc4 24. Qxc4 Rf5 25. Rac2 Qg8 26. Qe4 Qg6
27. Nh4 Bxh4 28. Qxh4 {Black must now prevent Qd8+.} Qf6 29. Qh3 Qg6 30. Rc4
Qf7 (30... Rf8 $142 31. Rg4 Qf5) 31. Rg4 Rh5 32. Rh4 Rxh4 33. Qxh4 Nd7 34. Rxc6
Qd5 35. Rc1 ({Much less strong is} 35. Qc4 $6 Qd1+ 36. Qf1 Qd5 $18) 35... Qe6
36. Qh6 Qxh6 37. Bxh6 {Endgame KRB-KRN} Kg8 38. Rc7 Nb6 39. a5 Nd5 40. Rg7+ Kh8
41. Rb7 Kg8 42. h3 Nc3 43. Kh2 Nb5 44. g4 Rc8 45. Rg7+ Kh8 46. Rb7 Kg8 $1 47.
Rb6 Ra8 48. h4 Kf7 49. h5 Ra7 (49... Ke6 {keeps fighting.} 50. f4 Ra7 51. fxe5
Kxe5) 50. Kg3 Ke6 51. Kf3 Kd5 52. Ke3 Nd4 53. Bf8 Nb5 54. g5 ({White should try
} 54. Ke2 $1) 54... Rf7 $16 55. Bh6 {And now g6 would win.} Nd4 56. Rxa6 Rf3+
57. Kd2 {Strongly threatening Ra7.} Rxf2+ 58. Ke1 Rh2 $1 59. Bf8 Ke4 60. Bxd6
$2 ({Not} 60. Rxd6 $2 Ke3 $19) (60. Bh6 $11) 60... Ke3 $1 61. Kf1 Rf2+ 62. Ke1
Ra2 (62... Rb2 $142 63. Kf1 Kf3 64. Ke1 e4 65. Bc5 Rb1+ 66. Kd2 e3+ 67. Kc3 e2
68. Kxd4 e1=Q 69. Rf6+ Kg4 70. Kc4 Qe8 71. Rd6 Rc1+ 72. Kd3 Kxh5 73. a6 Qb5+
74. Ke3 Qc4 75. Rd3 Kxg5 76. Bd4 Qe6+ 77. Kf3 Rf1+ 78. Kg3 Qg4+ 79. Kh2 Qe2+
80. Kh3 Qxd3+ 81. Be3+ Qxe3+ 82. Kh2 Rf2+ 83. Kh1 Qe1#) 63. Kf1 $19 {[#]} Kf3
$1 64. Ke1 e4 {( -> ... e3)} 65. Bc5 Ra1+ {Black mates.} 66. Kd2 e3+ 67. Kd3 {
[#]} Rd1+ $1 (67... e2 $2 68. Rf6+ Kg4 69. Bxd4 $19) 68. Kc4 e2 69. Rf6+ Kg4
70. Bxd4 e1=Q 71. Rd6 Qe7 72. Bc5 Rxd6 73. Bxd6 Qxd6 74. g6 hxg6 75. hxg6 Qc6+
76. Kb3 Qxg6 77. b5 Qd3+ 78. Kb4 Qd4+ 79. Kb3 Qc5 {Precision: White = 56%,
Black = 60%.} 0-1

[Event "Yingmei Cup CHN-chT 2017"]
[Site "?"]
[Date "2017.08.21"]
[Round "15"]
[White "Peng, Xiongjian"]
[Black "Bai, Jinshi"]
[Result "1/2-1/2"]
[WhiteElo "2423"]
[BlackElo "2585"]
[Annotator "TA"]
[PlyCount "82"]
[EventDate "2017.??.??"]
[SourceTitle "Wuxi"]

1. d4 Nf6 2. c4 g6 3. Nf3 Bg7 4. Nc3 d5 5. cxd5 Nxd5 6. e4 Nxc3 7. bxc3 c5 8.
Rb1 O-O 9. Be2 cxd4 10. cxd4 Qa5+ 11. Bd2 Qxa2 12. O-O Bg4 13. Bg5 h6 14. Be3
Nc6 15. d5 Ne5 16. Rxb7 {[%emt 0:00:07] D85: Exchange Grünfeld: Unusual White
th moves and lines with 7 Nf3} (16. Re1 Nxf3+ 17. Bxf3 Bxf3 18. gxf3 Qa6 19.
Qd2 Rfc8 20. Rec1 g5 21. Qb4 Qe2 22. Rxc8+ Rxc8 23. Qxb7 Rc3 24. Qxe7 Qxf3 25.
Bxa7 {1/2-1/2 (36) Sadzikowski,D (2548)-Areshchenko,A (2654) Poland 2016})
16... a5 {[#] LiveBook: 5 Games} 17. Bd4 $146 ({Don't take} 17. Rxe7 $6 a4 $16)
({Predecessor:} 17. Bc5 a4 18. Bxe7 Rfb8 19. Rxb8+ Rxb8 20. Nd4 Bxe2 21. Qxe2
Qxe2 22. Nxe2 Re8 23. d6 Nc6 {1/2-1/2 (73) Tan,Z (2504)-Harika,D (2511) Huaian
2016}) 17... Nxf3+ 18. Bxf3 Bxf3 19. gxf3 Rfb8 20. Rxe7 {[#] And now Bxg7
would win.} Qa3 21. Rc7 Bxd4 22. Qxd4 {aiming for Qf6.} Qxf3 23. Rc3 Qf4 24.
Ra1 Re8 25. Re3 Re5 26. d6 Rd8 {[#] Hoping for ...Rxd6!} 27. Rd1 $1 a4 28. Qxa4
(28. h3 {looks sharper.} Rg5+ 29. Kf1 Re5 30. d7 Re6 31. Rc3) 28... Rxd6 {
White must now prevent ...Qg4+.} 29. Rxd6 {The position is equal.} Rg5+ 30. Rg3
Qxd6 31. Rxg5 hxg5 $11 {Endgame KQ-KQ} 32. h3 Qf4 33. Qd4 Kh7 34. Kg2 g4 35.
hxg4 Qxg4+ 36. Kf1 Qf3 37. Qe5 Kh6 38. Kg1 Qg4+ 39. Kf1 Qf3 40. Kg1 Qg4+ 41.
Kf1 Qf3 {Precision: White = 78%, Black = 67%.} 1/2-1/2

[Event "Yingmei Cup CHN-chT 2017"]
[Site "?"]
[Date "2017.08.21"]
[Round "15"]
[White "Li, Yankai"]
[Black "Fang, Yan"]
[Result "1/2-1/2"]
[WhiteElo "2392"]
[BlackElo "2447"]
[Annotator "TA"]
[PlyCount "62"]
[EventDate "2017.??.??"]
[SourceTitle "Wuxi"]

1. e4 c5 2. Nf3 e6 3. d4 cxd4 4. Nxd4 a6 5. Bd3 Nc6 6. Be3 Nf6 7. Nc3 b5 {
B46: Sicilian: Taimanov: 5 Nc3 a6} (7... h5 8. h3 Qc7 9. O-O Nxd4 10. Bxd4 Bc5
11. Be2 d6 12. Qd2 Bxd4 13. Qxd4 e5 14. Qd2 Be6 15. Qg5 Ke7 16. Rad1 Rh6 17.
Rd3 Rg6 18. Qd2 h4 19. Kh1 Rh8 20. Rd1 Qc5 21. Bf3 Rd8 22. Qe1 {1/2-1/2 (24)
Kobalia,M (2646)-Motylev,A (2652) Cheboksary 2016}) 8. O-O Bb7 9. Nb3 Qc7 10.
f4 Na5 {LiveBook: 3 Games} 11. Nxa5 Qxa5 12. e5 b4 13. exf6 {[#] aiming for
Ne4.} bxc3 14. fxg7 $1 Bxg7 15. bxc3 (15. b4 $5 Qd5 16. Rf2 $11) 15... Bxc3 {
...Rg8 is the strong threat.} 16. Rb1 $146 Bc6 17. f5 Qe5 $36 {Black has good
play.} 18. Qe2 Bd4 19. Rbe1 (19. Bxd4 {keeps more tension.} Qxd4+ 20. Kh1 Rg8
21. Rf2 Rg5 22. Qd2) 19... Qxe3+ 20. Qxe3 Bxe3+ 21. Rxe3 Ke7 22. Rf4 a5 23. f6+
Kd6 24. Rd4+ Kc7 25. Rg4 h5 26. Rg7 Raf8 27. Be4 Rh6 28. Bxc6 Kxc6 29. Rc3+ Kd6
30. Rd3+ Kc6 31. Rc3+ Kd6 {Precision: White = 73%, Black = 67%.} 1/2-1/2

[Event "Yingmei Cup CHN-chT 2017"]
[Site "?"]
[Date "2017.08.21"]
[Round "15"]
[White "Lan, Zilun"]
[Black "Wang, Tongsen"]
[Result "1/2-1/2"]
[WhiteElo "2357"]
[BlackElo "2385"]
[Annotator "TA"]
[PlyCount "68"]
[EventDate "2017.??.??"]
[SourceTitle "Wuxi"]

1. d4 d5 2. c4 c6 3. Nf3 Nf6 4. Nc3 e6 5. e3 Nbd7 6. Bd3 dxc4 7. Bxc4 b5 8. Bd3
a6 9. e4 c5 10. d5 c4 11. dxe6 fxe6 12. Bc2 Qc7 13. Nd4 Nc5 14. O-O Bb7 15. Qe2
{D48: Semi-Slav: Meran System: 7...b5 8 Bd3 a6} (15. Be3 e5 16. Nf5 g6 17. Nh6
Bg7 18. Qf3 Ne6 19. Qh3 Bc8 20. Qh4 Qe7 21. Rfe1 Nd5 22. Qxe7+ Nxe7 23. Nd5 {
1/2-1/2 (61) Morozevich,A (2758)-Anand,V (2792) Mexico City 2007}) 15... Bd6
16. f4 e5 17. Ndxb5 axb5 18. Nxb5 Qb6 19. Nxd6+ Qxd6 {LiveBook: 18 Games} 20.
fxe5 Qxe5 {[#] Strongly threatening ...Nd3.} 21. Rf5 $1 Qe7 {Hoping for ...Nd3.
} 22. Qxc4 Rc8 23. Qb5+ Ncd7 $146 24. Qxb7 Rxc2 25. Bg5 Rf8 (25... h6 $5 26.
Bxf6 gxf6 $11) 26. Re1 $1 {[#] Black must now prevent e5.} Qe6 27. e5 {And now
Rff1 would win.} Qxf5 28. exf6+ Kf7 29. Re7+ Kg6 30. Rxg7+ Kh5 {( -> ...Qf2+)}
31. h3 $1 {Intending g4+ and mate.The position is equal.} Qf2+ 32. Kh1 $1 Qe1+
33. Kh2 Qe5+ 34. Kh1 Qe1+ 1/2-1/2